000 01668nmm a22003014i 4500
001 35505
003 DO-SdISF
005 20260218153901.0
008 240529s2025 dr ||||fo||d| 00| 0 spa d
040 _aDO-SdISF
_bspa
_erda
_cDO-SdISF
100 1 _aReyes Jiménez, Dawny David
_eautor
_935796
245 1 0 _aEstudio comparativo sobre la percepción de la escuela, la Educación Física y sus funciones en los estudiantes de 1ro. y 6to. grado del nivel secundario /
_cautor: Dawny David Reyes Jiménez ; tutor: Henyer Zamora Mota
264 1 _aSan Pedro de Macorís :
_bISFODOSU,
_c2025
300 _a1 recurso en línea (63 páginas) :
_bilustraciones
336 _2rdacontent
_atexto
_btxt
337 _aComputadora
_bc
_2rdamedia
338 _arecurso en línea
_bcr
_2rdacarrier
347 _2rda
_aarchivo de texto
_bPDF
502 _aTesis para optar por el título de Maestría en Educación Física Integral - Instituto Superior de Formación Docente Salomé Ureña - ISFODOSU, Recinto JVM, 2025.
505 2 _aIntroducción -- Revisión de la literatura -- Metodología -- Resultados -- Discusión de los resultados -- Conclusiones -- Recomendaciones -- Anexos.
610 7 _aInstituto Superior de Formación Docente Salomé Ureña
_2armarc
_vTesis
_926293
650 1 7 _aEducación física
_2armarc
_xEnseñanza
_93852
650 1 7 _aEducación secundaria
_2armarc
_zRepública Dominicana
_93888
650 1 4 _aAmbiente educativo
_91068
700 _aZamora Mota, Henyer Ramón
_etutor
_921367
856 _yClic para ver Texto Completo
_uhttps://biblioteca.isfodosu.edu.do/cgi-bin/koha/opac-retrieve-file.pl?id=49588f5b94e7c0e1d384c709f28a98ae
942 _2LOC
_cTESIS
999 _c14654
_d14654